| 000 | 01139nam a2200241 a 4500 | ||
|---|---|---|---|
| 003 | DO-SdBNP | ||
| 005 | 20211215092112.0 | ||
| 007 | ta | ||
| 008 | 211214e2003 dr ao||gr|||| 001 0 spa d | ||
| 040 |
_aDO-SdBNP _bspa _cBNPHU |
||
| 082 | 4 |
_a353.46 _bP953s _222 |
|
| 111 | 1 |
_972558 _aSeminario internacional Aplicación de la Convención Interamericana contra la Corrupción _n(1er : _d1987: _cSanto Domingo, República Dominicana) |
|
| 245 | 1 | 0 |
_a1er. seminario internacional : _baplicación de la convención interamericana contra la Corrupción / |
| 246 | 1 | 0 |
_aPrimer seminario internacional : _baplicacion de la convencion interamericana contra la corrupcion : [ponencias y recomendaciones]. |
| 260 |
_aSanto Domingo : _bMediabyte, _c2003 |
||
| 300 |
_a396 p. : _bil., fotogr. ; _c21 cm. |
||
| 590 | _aInventariado 2021 / MF | ||
| 611 | 0 |
_915993 _aConvención Interamericana Contra la Corrupción _d(2002: noviembre 27-29 _cSanto Domingo ) |
|
| 611 | 0 |
_aCorrupción política _xDerecho y legislación _980866 |
|
| 611 | 0 |
_aAmérica Latina. Justicia, Administración de _zAmérica Latina. _980867 |
|
| 910 | _aMFeliz | ||
| 942 |
_2ddc _cLBS1 |
||
| 999 |
_c51126 _d51126 |
||